Statistics for F1 Driver Numbers 2023

Click here to take the quiz!

General Stats

  • This quiz has been taken 2,329 times
  • The average score is 14 of 20

Answer Stats

HintAnswer% Correct
Max Verstappen1
99%
Charles Leclerc16
94%
Lewis Hamilton44
94%
Lando Norris4
92%
Carlos Sainz55
91%
Sergio Perez11
89%
George Russell63
82%
Valtteri Botas77
76%
Pierre Gasly10
75%
Oscar Piastri81
74%
Fernando Alonso14
71%
Lance Stroll18
64%
Logan Sargeant2
64%
Yuki Tsunoda22
62%
Esteban Ocon31
60%
Alex Albon23
56%
Zhou Guanyu24
51%
Kevin Magnussen20
50%
Nico Hulkenberg27
46%
Nyck de Vries21
42%

Score Distribution

Percentile by Number Answered

Percent of People with Each Score

Your Score History

You have not taken this quiz